| 000 | 00694nam a2200205 i 4500 | ||
|---|---|---|---|
| 001 | 63049 | ||
| 003 | ES-MaACL | ||
| 005 | 20230906164757.0 | ||
| 007 | t| | ||
| 008 | 031128m19521953sp |||| | spa d | ||
| 100 | 1 |
_aFernández Pousa, Ramón _950010 |
|
| 245 | 1 | 3 |
_aLa lengua gallega en Curros Enríquez / _cRamón Fernández Pousa. |
| 260 |
_aMadrid : _b[s.n.], _c1952-1953. |
||
| 300 |
_a43 p. ; _c25 cm. |
||
| 595 | _aSeparata de: Revista de archivos, bibliotecas y museos, t. 58-59, años 1952-1953. | ||
| 600 | 1 | 4 |
_aCurros Enríquez, Manuel- _xCrítica e interpretación. _9147176 |
| 650 | 4 |
_aLengua gallega. _9136360 |
|
| 852 |
_aES-MaACL _j1977-F-2-3 |
||
| 999 |
_c63049 _d63049 |
||